Mười trường phái lý luận phê bình văn học phương Tây đương đại
में बचाया:
| मुख्य लेखक: | |
|---|---|
| स्वरूप: | पुस्तक |
| भाषा: | Undetermined |
| प्रकाशित: |
Hà Nội
Giáo Dục
1999
|
| विषय: | |
| टैग : |
टैग जोड़ें
कोई टैग नहीं, इस रिकॉर्ड को टैग करने वाले पहले व्यक्ति बनें!
|
| Thư viện lưu trữ: | Trung tâm Học liệu Trường Đại học Cần Thơ |
|---|
| LEADER | 00638nam a2200193Ia 4500 | ||
|---|---|---|---|
| 001 | CTU_39250 | ||
| 008 | 210402s9999 xx 000 0 und d | ||
| 082 | |a 801 | ||
| 082 | |b Ph561 | ||
| 100 | |a Phương Lựu | ||
| 245 | 0 | |a Mười trường phái lý luận phê bình văn học phương Tây đương đại | |
| 245 | 0 | |c Phương Lựu | |
| 260 | |a Hà Nội | ||
| 260 | |b Giáo Dục | ||
| 260 | |c 1999 | ||
| 526 | |a Tiến trình văn học | ||
| 526 | |b SP531 | ||
| 650 | |a literature - history and criticism,literature - philosophy | ||
| 980 | |a Trung tâm Học liệu Trường Đại học Cần Thơ | ||